000 00633nam a2200241Ia 4500
003 OSt
005 20220918201414.0
006 a|||||r|||| 00| 0
007 ta
008 220917b |||||||| |||| 00| 0 eng d
024 _a93,728
037 _cTextual
040 _aARTS
_cARTS
_beng
041 _2eng
_aeng
082 _aV2y7M94, L7
100 _aPanikkar K M
_947988
245 0 _aAutobiography tr from the Malayalam by K Krishnamurthy
260 _aMadras
_bOUP
_c1977
300 _avi,372p.
_ccm.
650 _aHISTORY
942 _hV2y7M94, L7
_cTEXL
_2CC
999 _c217370
_d217370